| 000 | 01226nam a2200313 4500 | ||
|---|---|---|---|
| 001 | 0000014446 | ||
| 003 | CO-CtgCURN | ||
| 005 | 20250429224120.0 | ||
| 007 | ta | ||
| 008 | 160627s1999 000 0 eng d | ||
| 020 | _a9788478272112 | ||
| 040 |
_aCO-CtgCURN _bspa _ccoctgcurn |
||
| 082 | 0 |
_a371.3 _bZ12 |
|
| 100 | 1 | _aZabala Vidiella, Antoni. | |
| 245 | 1 | 0 |
_aEnfoque globalizador y pensamiento complejo. Una respuesta para la comprension e intervencion en la realidad / _cAntoni Zabala Vidiella. |
| 250 | _a1a ed. | ||
| 260 |
_aBarcelona : _bGrao, _c1999. |
||
| 300 | _a202 p. | ||
| 336 | _2rdacontent | ||
| 337 |
_2rdamedia _asin mediacion _bn |
||
| 338 |
_2rdacarrier _avolumen _bnc |
||
| 490 | 1 | _aDidactica. Diseño y desarrollo curricular : 139 | |
| 504 | _aBibliografia (p.195-202) | ||
| 505 | 8 | _aOrganizacion de los contenidos de aprendizaje.--Funcion social de la enseñanza y enfoque globalizador.--Concepcion del aprendizaje y enfoque globalizador.--Los metodos globalizados.--Principios y fases del enfoque globalizador | |
| 650 | 1 | 4 | _aGlobalizacion de la educación. |
| 908 | _a160627 | ||
| 942 |
_cBK _h371.3 _iZ12 _2ddc |
||
| 999 |
_c39384 _d39384 |
||